| 000 | 00488cam a22002054a 4500 | ||
|---|---|---|---|
| 005 | 20250605164320.0 | ||
| 008 | 250528s ||||||||||||||||||||||||d | ||
| 035 | _a22872 | ||
| 020 | _a9780340884997 | ||
| 040 |
_aGR-AtMCL _bgre _dGR-AtMCL _eAACR2 |
||
| 245 | 1 | _aMASS MEDIA AND SOCIETY | |
| 250 | _a4 | ||
| 260 |
_bHodder Arnold, _c2005 |
||
| 300 | _a400 | ||
| 700 | 1 |
_aCurran James _9588 |
|
| 700 | 1 |
_aGurevitch Michael _98518 |
|
| 942 | _cBK | ||
| 999 |
_c7916 _d7916 |
||